| 000 | 01113nab a22002417a 4500 | ||
|---|---|---|---|
| 999 |
_c6364 _d6364 |
||
| 003 | OSt | ||
| 005 | 20260131203130.0 | ||
| 008 | 190603e xxum|||| |||| 00| 0 spa d | ||
| 040 | _cPJ | ||
| 100 |
_92231 _aSalerno, Marcelo Urbano |
||
| 245 | 1 | 0 |
_aLibertad de prensa : _bun caso sobre "armonización de derechos en pugna" / _cMarcelo Urbano Salerno. |
| 260 |
_cCiudad Autónoma de Buenos Aires : _aThomson Reuters La Ley, _b2025. |
||
| 300 | _ap. 209-211 | ||
| 500 | _aCita: TR LALEY AR/DOC/2799/2025 Publicado en: RCCyC 2025 (Diciembre). | ||
| 505 | _aFallo comentado: CNCiv., sala F ~ 06/06/2025 ~ Miro, Oscar Horacio y otro c. Cimeco SA y otro s/ daños y perjuicios. | ||
| 505 | _t¿Te interesa el texto completo? Solicitalo al correo: koha@justierradelfuego.gov.ar | ||
| 650 | 0 |
_91467 _aRESPONSABILIDAD CIVIL |
|
| 650 | 0 |
_91261 _aLIBERTAD DE PRENSA |
|
| 650 | 0 |
_93951 _aDEBER DE INFORMACIÓN |
|
| 650 | 0 |
_aDERECHO AL HONOR _94644 |
|
| 773 | 0 |
_02713 _93170 _dCiudad Autónoma de Buenos Aires : Thomson Reuters La Ley, 2015- _tRevista Código Civil y Comercial. Nº 6 - Diciembre 2025 |
|
| 942 |
_2udc _cANA |
||